LDR 01009naa#a2200193#i#450# 001 RU\\bibl\8256 005 20260430221417.4 011 ## _a2308-8877 100 ## _a20151210b2015####ek#y0rusy0150####ca 101 0# _aENG 102 ## _aRU 200 1# _a Инновационная модернизация отопления и подачи воздуха в мансарде здания с помощью навесных вентилируемых фасадных систем проведение света _eЖурнальная статья 210 1# _aВоронеж _cВоронежский государственный лесотехнический университет имени Г.Ф. Морозова _d2015 215 ## _a3 с. 608 ## _aЖурнальная статья _2local 700 #1 _aЛанкович _gСветлана Валерьевна 700 #1 _aЛипко _gВладимир Иосифович 700 #1 _aНикрашевич _gАнна Анатольевна 856 4# _aanni.editorum.ru _u